Iniciación al derecho de autor /

"Conocer mejor nuestros derechos como autores, compositores, artistas o difusores de la cultura y del arte, logrará, sin duda alguna, que nuestras obras sean mejor valoradas y, eventualmente, mejor relacionan con la creación y la divulgación de las obras del espíritu humano encontrarán en este libro...

Celý popis

Uloženo v:
Podrobná bibliografie
Hlavní autor: Herrera Meza, Humberto Javier (autor)
Médium: Kniha
Jazyk:španělština
Vydáno: México : Limusa : Noriega, 1992, c1992
Témata:
Tagy: Přidat tag
Žádné tagy, Buďte první, kdo vytvoří štítek k tomuto záznamu!

MARC

LEADER 00000nam^a2200000^a^4500
001 000037687
005 20250521000000.0
009 20260310085437.368
020 |a 968-18-4410-6 
037 |a Acervo ITESO - Biblioteca 
041 |a ESP 
082 |a 346. 720482  |b HER 
100 |a Herrera Meza, Humberto Javier  |e (autor) 
245 1 0 |a Iniciación al derecho de autor /  |c H.J. Herrera Meza. 
264 4 |a México :  |b Limusa :  |b Noriega,  |c 1992, c1992 
300 |a 171 p. 
336 |a texto  |b txt  |2 rdacontenido 
337 |a sin mediación  |b n  |2 rdamedio 
338 |a volumen  |b nc  |2 rdasoporte 
520 |a "Conocer mejor nuestros derechos como autores, compositores, artistas o difusores de la cultura y del arte, logrará, sin duda alguna, que nuestras obras sean mejor valoradas y, eventualmente, mejor relacionan con la creación y la divulgación de las obras del espíritu humano encontrarán en este libro la doctrina fundamental sobre los derechos autorales. Con este libro, el lector comprenderá la trascendencia que tiene para toda comunidad la obra de escritores, artistas y compositores." 
649 |a XX 
650 |a Derecho de Autor -  |z México 
650 |a Derecho Patrimonial 
650 |a Derecho Civil 
650 |a Derecho Privado 
910 |a Fondo General 
920 |a Impresos - Libros 
930 |a Colección General 
905 |a 101 
901 |a 0376870100  |b IT1  |c ACC  |i 037687  |u 20250521 
901 |a 0376870200  |b IT1  |c ACC  |i 908536  |u 20250521 
901 |a 0376870300  |b IT1  |c ACC  |i 909480  |u 20250521 
902 |a https://opac.biblio.iteso.mx/vufind/Record/000037687